000 00304nam a22001337a 4500
008 180213b xxu||||| |||| 00| 0 eng d
020 _a0080298559
041 _aeng
080 _a338
100 _a54
101 _aMEN
245 _aOrganisations in the communications age
_cMore,E.A
942 _2udc
_cBK
999 _c42429
_d42429